[Event "Sachsen-Anhalt Landesliga-A 1920"]
[Site "Sachsen Anhalt"]
[Date "2020.03.01"]
[Round "7.4"]
[White "Schlegel, Kai Friedrich"]
[Black "Cejda, Moritz"]
[Result "0-1"]
[WhiteElo "1805"]
[BlackElo "1676"]
[PlyCount "72"]
[EventDate "2019.09.29"]
[EventType "team-tourn"]
[EventRounds "9"]
[EventCountry "GER"]
[SourceTitle "EXT 2023"]
[Source "ChessBase"]
[SourceDate "2022.10.05"]
[SourceVersion "1"]
[SourceVersionDate "2022.10.05"]
[SourceQuality "1"]
[WhiteTeam "Magdeburg Aufbau Elbe III"]
[BlackTeam "Magdeburg USC III"]
[WhiteTeamCountry "GER"]
[BlackTeamCountry "GER"]

1. e4 e6 2. d4 d5 3. e5 c5 4. c3 Nc6 5. Nf3 Qb6 6. Bd3 Nh6 7. 0-0 Nf5 8. Bxf5 exf5 9. dxc5 Bxc5 10. b4 Be7 11. Be3 Qd8 12. Re1 0-0 13. a3 Be6 14. Ra2 Qc7 15. Bd4 Rac8 16. Qd3 Qd7 17. Rae2 Rc7 18. Nbd2 Rfc8 19. Rc1 g5 20. Nb3 g4 21. Nfd2 Nxd4 22. Nxd4 a6 23. Nf1 Bg5 24. Rcc2 Rc4 25. Ng3 f4 26. Ngf5 Be7 27. Nh6+ Kh8 28. Nxf7+ Bxf7 29. e6 Bxe6 30. Nxe6 Qe8 31. Qxd5 Qg6 32. Nd4 Rxc3 33. Qf5 Rxc2 34. Qe5+ Bf6 35. Rxc2 Bxe5 36. Rxc8+ Kg7 0-1

[Event "Sachsen-Anhalt Landesliga-A 1920"]
[Site "Sachsen Anhalt"]
[Date "2019.09.29"]
[Round "1.5"]
[White "Cejda, Moritz"]
[Black "Breitschuh, Ulrich"]
[Result "1/2-1/2"]
[WhiteElo "1676"]
[BlackElo "1776"]
[PlyCount "72"]
[EventDate "2019.09.29"]
[EventType "team-tourn"]
[EventRounds "9"]
[EventCountry "GER"]
[SourceTitle "EXT 2023"]
[Source "ChessBase"]
[SourceDate "2022.10.05"]
[SourceVersion "1"]
[SourceVersionDate "2022.10.05"]
[SourceQuality "1"]
[WhiteTeam "Magdeburg USC III"]
[BlackTeam "Magdeburg USC II"]
[WhiteTeamCountry "GER"]
[BlackTeamCountry "GER"]

1. d4 Nf6 2. Nf3 e6 3. e3 b6 4. Bd3 d5 5. Nbd2 Bb7 6. 0-0 c5 7. b3 Be7 8. Bb2 0-0 9. Ne5 Ne4 10. f3 Nxd2 11. Qxd2 Nd7 12. Qe2 Nxe5 13. dxe5 f5 14. f4 Rc8 15. Rad1 Qe8 16. c4 Qg6 17. cxd5 Bxd5 18. Bc4 Rfd8 19. Bxd5 Rxd5 20. Qf3 Rcd8 21. Rxd5 Rxd5 22. Rd1 Rxd1+ 23. Qxd1 Qe8 24. Qd3 Qc6 25. Bc3 g6 26. a4 Kf7 27. Qc4 Qd5 28. Qxd5 exd5 29. Kf2 Ke6 30. Ke2 a6 31. Kd3 Bd8 32. b4 Be7 33. b5 axb5 34. axb5 g5 35. g3 g4 36. Ke2 h5 1/2-1/2

[Event "GER-ch U25-A"]
[Site "Willingen"]
[Date "2016.05.15"]
[Round "2"]
[White "Behringer, Tom"]
[Black "Cejda, Moritz"]
[Result "1-0"]
[WhiteElo "1774"]
[BlackElo "1655"]
[PlyCount "34"]
[EventDate "2016.05.15"]
[EventType "swiss"]
[EventRounds "9"]
[EventCountry "GER"]
[SourceTitle "CBM 172 Extra"]
[Source "ChessBase"]
[SourceDate "2016.06.21"]
[SourceVersion "1"]
[SourceVersionDate "2016.06.21"]
[SourceQuality "1"]

1. d4 e6 2. e4 d5 3. e5 c5 4. c3 Qb6 5. Nf3 Nc6 6. Bd3 Bd7 7. 0-0 cxd4 8. cxd4 Nxd4 9. Nxd4 Qxd4 10. Nc3 Qb6 11. Qg4 Ne7 12. Be3 Qc7 13. Rac1 Nc6 14. Nb5 Qd8 15. f4 a6 16. Nd6+ Bxd6 17. Qxg7 Ke7 1-0